Sociologický pohľad na armádu. : Študijný text pre poslucháčov dôstojníckej školy. /
Uložené v:
| Hlavní autori: | , , |
|---|---|
| Médium: | Kniha |
| Jazyk: | Slovak |
| Vydané: |
Liptovský Mikuláš :
Vojenská akadémia SNP Liptovský Mikuláš,
1994
|
| Vydanie: | 1. vyd. |
| Témy: | |
| ISBN: |
8080400199 (brož.) |
| Fyzický popis: |
148 s. |
| Tagy: |
Pridať tag
Žiadne tagy, Buďte prvý kto otaguje tento záznam!
|
Titul je dostupný aj v ... 

MARC
| LEADER | 00000nam a2200000 a 4500 | ||
|---|---|---|---|
| 001 | 000071981 | ||
| 003 | SVKK | ||
| 005 | 19991007000000.0 | ||
| 008 | 990309s1994 xo e sloo | ||
| 020 | |a 8080400199 (brož.) | ||
| 040 | |a SVKKK |b slo |c SVKKK |e AACR2 | ||
| 041 | 0 | |a slo | |
| 044 | |a xo |c SK | ||
| 080 | |a 316:355(075.8) |2 1997 | ||
| 080 | |a 355:316(075.8) |2 1997 | ||
| 080 | |a 355.01(075.8) |2 1997 | ||
| 100 | 1 | |a Polonský, Dušan |4 aut | |
| 245 | 1 | 0 | |a Sociologický pohľad na armádu. : |b Študijný text pre poslucháčov dôstojníckej školy. / |c Dušan Polonský, Vojtěch Malátek, Jozef Matis |
| 250 | |a 1. vyd. | ||
| 260 | |a Liptovský Mikuláš : |b Vojenská akadémia SNP Liptovský Mikuláš, |c 1994 | ||
| 300 | |a 148 s. | ||
| 653 | 0 | |a armáda |2 SVKKKPH | |
| 653 | 0 | |a sociológia armády |2 SVKKKPH | |
| 653 | 0 | |a učebnice VŠ |2 SVKKKPH | |
| 655 | 7 | |a učebnice vysokých škôl |2 SVKKKPH | |
| 700 | 1 | |a Malátek, Vojtěch |4 aut | |
| 700 | 1 | |a Matis, Jozef |4 aut | |
| 910 | |a svkkk | ||
| 919 | |a 80-8040-019-9 | ||
| 974 | |a MI |d 19990309 | ||
| 974 | |a PA |d 19990309 | ||
| 974 | |a UH |d 19991007 | ||
| 998 | |a BK | ||
| 090 | |g SCKHL |k Sklad Pribinova 2. posch. |a III.165263 |j 877473 |i 2720274886 |s Absenčne | ||